00547nam a2200169Ia 450000500170000000800410001704000190005804100120007708200160008924501460010526000340025130000120028565000180029765100280031570000240034385000100036720260625124658.0131103s9999 xx 000 0 und d aLoreto College aEnglish a808.88bBRO aHightlights of modern literatureb a permanent collections of memorable essays fromThe New York Times Books Reviews cedited by Francis Brown aNew YorkbA Mentor Bookc1954 a240 p.  aLiterature -  aWriting- Collections -  aBrown, Francis, ed. aLCLIB